[Event "1. jun. liga - 2017."]
[Site "Sv. Filip i Jakov, TN "]
[Date "2017.04.21"]
[Round "5.3"]
[White "Starcevic, Ante Leon"]
[Black "Cotic, Borna"]
[Result "0-1"]
[WhiteElo "2120"]
[BlackElo "1985"]
[PlyCount "66"]
[EventDate "2017.04.18"]

1. c4 e6 2. e4 c5 3. Nc3 Nc6 4. g3 Nf6 5. Bg2 Be7 6. Nge2 O-O 7. d4 cxd4 8.
Nxd4 e5 9. Nf5 d6 10. Be3 a6 11. O-O Re8 12. h3 Bf8 13. Qd2 Bxf5 14. exf5 Rc8
15. b3 Qa5 16. Rfd1 b5 17. cxb5 axb5 18. Nd5 Qxd2 19. Rxd2 Nxd5 20. Rxd5 b4 21.
Rb5 e4 22. Bd2 Nd4 23. Rd5 Ne2+ 24. Kf1 Nc3 25. Bxc3 bxc3 26. Ke2 c2 27. Rc1 g6
28. fxg6 Bh6 29. gxh7+ Kh8 30. Rd2 e3 31. fxe3 Rxe3+ 32. Kf2 Rf3+ 33. Ke2 Bxd2
0-1

[Event "1. jun. liga - 2017."]
[Site "Sv. Filip i Jakov, TN "]
[Date "2017.04.21"]
[Round "5.3"]
[White "Simunic, Krunoslav"]
[Black "Blazeka, Mihaela"]
[Result "0-1"]
[WhiteElo "1947"]
[BlackElo "2037"]
[PlyCount "60"]
[EventDate "2017.04.18"]

1. d4 d5 2. c4 e6 3. Nc3 c6 4. Nf3 dxc4 5. a4 Bb4 6. e3 b5 7. Bd2 a5 8. axb5
Bxc3 9. Bxc3 cxb5 10. b3 Bb7 11. d5 Nf6 12. bxc4 b4 13. Bxf6 Qxf6 14. Qa4+ Nd7
15. Nd4 Qe5 16. c5 Bxd5 17. Bb5 Qc7 18. O-O Ke7 19. c6 Ne5 20. Qc2 Ng4 21. Qc5+
Qd6 22. Qxd6+ Kxd6 23. e4 Kc5 24. exd5 Kxd4 25. d6 Kc5 26. d7 Kxb5 27. c7 Ne5
28. Rxa5+ Kxa5 29. Ra1+ Kb5 30. Rxa8 Rxa8 0-1

[Event "1. jun. liga - 2017."]
[Site "Sv. Filip i Jakov, TN "]
[Date "2017.04.21"]
[Round "5.3"]
[White "Markovic, Franjo-Josip"]
[Black "Juric Cvitanovic, Katislav"]
[Result "1-0"]
[WhiteElo "1979"]
[BlackElo "1812"]
[PlyCount "89"]
[EventDate "2017.04.18"]

1. d4 Nf6 2. c4 e5 3. dxe5 Ng4 4. Bf4 g5 5. Bg3 Bg7 6. Nf3 Nc6 7. Nc3 Ngxe5 8.
Nxe5 Nxe5 9. e3 d6 10. h4 Be6 11. hxg5 Nxc4 12. Bxc4 Bxc4 13. Qa4+ b5 14. Nxb5
Bxb5 15. Qxb5+ Kf8 16. Rb1 Rb8 17. Qf5 Rxb2 18. Rxb2 Bxb2 19. Bf4 Qe8 20. Kf1
Qe6 21. Qc2 Qxa2 22. g3 Qa6+ 23. Kg2 Qb7+ 24. Kh2 Be5 25. Rb1 Qc8 26. Bxe5 dxe5
27. Qc5+ Kg8 28. Qxe5 h6 29. g6 fxg6 30. Qf6 Qe8 31. Rd1 Kh7 32. Rc1 Kg8 33.
Rxc7 Rh7 34. Rc4 g5 35. Qa6 Qf7 36. Rc8+ Kg7 37. Qa1+ Kg6 38. Rc6+ Kf5 39. Qb1+
Ke5 40. f4+ gxf4 41. exf4+ Kd5 42. Qb5+ Kd4 43. Qe5+ Kd3 44. Rc3+ Kd2 45. Qe3+
1-0

[Event "1. jun. liga - 2017."]
[Site "Sv. Filip i Jakov, TN "]
[Date "2017.04.21"]
[Round "5.4"]
[White "Tomulic, Teo"]
[Black "Ghersinich, Enrico"]
[Result "1-0"]
[WhiteElo "2271"]
[BlackElo "2029"]
[PlyCount "89"]
[EventDate "2017.04.18"]

1. e4 c5 2. Nf3 d6 3. Bc4 Nc6 4. Nc3 g6 5. O-O Bg7 6. a3 Nf6 7. d3 Bg4 8. h3
Bxf3 9. Qxf3 O-O 10. Ba2 Nd4 11. Qd1 Rb8 12. Ne2 Nd7 13. c3 Nxe2+ 14. Qxe2 b5
15. Be3 a5 16. Rfd1 Qc7 17. f4 b4 18. axb4 axb4 19. d4 Qb6 20. e5 Kh8 21. Qg4
Qb7 22. Qh4 Qe4 23. Qf2 Ra8 24. Bb3 Rxa1 25. Rxa1 bxc3 26. bxc3 Bh6 27. Bc2 Qc6
28. Qh4 cxd4 29. Bxd4 Bg7 30. Qxe7 dxe5 31. fxe5 Qd5 32. Re1 Nb8 33. e6 Bxd4+
34. cxd4 Qxd4+ 35. Kh1 Kg7 36. Rf1 Qe5 37. Rxf7+ Rxf7 38. Qxf7+ Kh6 39. Qf8+
Kg5 40. Qf3 Na6 41. Qf2 Qxe6 42. h4+ Kh6 43. Qf8+ Kh5 44. Bd1+ Kxh4 45. Qf4+
1-0

[Event "1. jun. liga - 2017."]
[Site "Sv. Filip i Jakov, TN "]
[Date "2017.04.21"]
[Round "5.4"]
[White "Pahljina, Marko"]
[Black "Safar, Sandro"]
[Result "0-1"]
[WhiteElo "1922"]
[BlackElo "2126"]
[PlyCount "130"]
[EventDate "2017.04.18"]

1. d4 d5 2. Nf3 Nf6 3. c4 e6 4. Nc3 c6 5. e3 Nbd7 6. Bd3 Bd6 7. O-O O-O 8. Re1
dxc4 9. Bxc4 b5 10. Bd3 Bb7 11. a3 a5 12. b3 e5 13. Bb2 b4 14. Ne4 Nxe4 15.
Bxe4 bxa3 16. Bxa3 Bxa3 17. Rxa3 f5 18. Bb1 Qe7 19. Ra2 e4 20. Nd2 c5 21. Nc4
cxd4 22. Qxd4 Qb4 23. Rc1 Nc5 24. Nxa5 Qxd4 25. exd4 Rxa5 26. dxc5 Rb5 27. Rb2
Bd5 28. b4 Rfb8 29. c6 Rc8 30. c7 Rb7 31. Rbc2 Rxb4 32. Rd1 Kf7 33. Rcc1 Be6
34. f3 exf3 35. gxf3 Rb7 36. Kf2 Rbxc7 37. Rxc7+ Rxc7 38. Bd3 f4 39. Be4 h6 40.
Rd4 g5 41. Rd6 Ke7 42. Rb6 Kf6 43. Rb8 Rc8 44. Rb7 Ra8 45. Rh7 Ra2+ 46. Kg1 Ke5
47. Rxh6 g4 48. fxg4 Kxe4 49. Rxe6+ Kf3 50. Re1 Kxg4 51. Rf1 f3 52. Rf2 Ra3 53.
Rf1 Kf4 54. Kf2 Ra2+ 55. Kg1 Rg2+ 56. Kh1 Ke3 57. Re1+ Re2 58. Rf1 Rd2 59. Kg1
Re2 60. Kh1 Rf2 61. Kg1 Rg2+ 62. Kh1 Rg7 63. Ra1 Rd7 64. Rf1 Ke2 65. Kg1 Rg7+
0-1

[Event "1. jun. liga - 2017."]
[Site "Sv. Filip i Jakov, TN "]
[Date "2017.04.21"]
[Round "5.4"]
[White "Batory, Lucija"]
[Black "Mainenti, Kevin"]
[Result "0-1"]
[WhiteElo "1676"]
[BlackElo "1816"]
[PlyCount "84"]
[EventDate "2017.04.18"]

1. e4 e5 2. Nf3 Nc6 3. Bb5 a6 4. Ba4 Bc5 5. O-O b5 6. Bb3 Nf6 7. Re1 d6 8. c3
Bg4 9. h3 Bh5 10. d3 h6 11. Nbd2 O-O 12. Nf1 Na5 13. Bc2 Bb6 14. Ng3 Bg6 15. d4
exd4 16. cxd4 c5 17. a4 c4 18. d5 b4 19. Be3 b3 20. Bb1 Re8 21. Bxb6 Qxb6 22.
Nd4 Nxd5 23. exd5 Rxe1+ 24. Qxe1 Qxd4 25. Bxg6 fxg6 26. Qe6+ Kh7 27. Rb1 Qe5
28. Qxe5 dxe5 29. Ne4 Rd8 30. d6 Kg8 31. Rd1 Nb7 32. Kf1 Kf7 33. Ke2 Ke6 34. d7
Rxd7 35. Rxd7 Kxd7 36. Kd2 Kc6 37. Kc3 Nc5 38. Nd2 Nxa4+ 39. Kxc4 Nxb2+ 40.
Kxb3 Nd3 41. f3 Nf4 42. Nc4 Kd5 0-1

[Event "1. jun. liga - 2017."]
[Site "Sv. Filip i Jakov, TN "]
[Date "2017.04.22"]
[Round "6.1"]
[White "Jambresic, Filip"]
[Black "Ghersinich, Enrico"]
[Result "0-1"]
[WhiteElo "1966"]
[BlackElo "2029"]
[PlyCount "86"]
[EventDate "2017.04.18"]

1. Nf3 g6 2. c4 Bg7 3. g3 c5 4. Bg2 Nc6 5. O-O d6 6. Nc3 e5 7. d3 Nge7 8. e4
O-O 9. Nd5 h6 10. a3 a5 11. h3 Rb8 12. a4 Kh7 13. Bd2 f5 14. Kh2 Nb4 15. Bxb4
axb4 16. b3 Nxd5 17. cxd5 Bd7 18. Nd2 f4 19. Nc4 Qc7 20. Bf3 b5 21. axb5 Bxb5
22. Bg4 Bxc4 23. dxc4 Ra8 24. Kg2 Qb7 25. Qc2 Ra6 26. Qb2 Rfa8 27. Rfb1 Ra3 28.
Rxa3 bxa3 29. Qc2 Ra7 30. Ra1 Bf6 31. Bd1 fxg3 32. fxg3 Bg5 33. Qe2 Qb4 34. Ra2
Bc1 35. Qf3 Bb2 36. h4 Kg7 37. h5 Qd2+ 38. Be2 Rf7 39. Qg4 g5 40. Kh3 Qe1 41.
Qe6 Qh1+ 42. Kg4 Qxe4+ 43. Kh3 Qf5+ 0-1

[Event "1. jun. liga - 2017."]
[Site "Sv. Filip i Jakov, TN "]
[Date "2017.04.22"]
[Round "6.1"]
[White "Pahljina, Marko"]
[Black "Golub, Nikolina"]
[Result "1/2-1/2"]
[WhiteElo "1922"]
[BlackElo "1881"]
[PlyCount "75"]
[EventDate "2017.04.18"]

1. d4 d5 2. Nf3 Nf6 3. c4 e6 4. Nc3 c5 5. e3 Nc6 6. cxd5 exd5 7. Bd3 cxd4 8.
Nxd4 Nxd4 9. exd4 Be7 10. O-O O-O 11. Bf4 Be6 12. Rc1 Rc8 13. Bb1 Qd7 14. Qd3
Rfe8 15. Be5 g6 16. Qf3 Bg4 17. Qf4 Nh5 18. Qd2 f6 19. Bf4 Nxf4 20. Qxf4 Be6
21. Rfe1 Kg7 22. Bc2 Bd6 23. Qf3 a6 24. Bb3 Bb4 25. h3 Bxc3 26. Rxc3 Rxc3 27.
Qxc3 Bf7 28. Rc1 Qd6 29. Qd2 Re4 30. Re1 Rxe1+ 31. Qxe1 Qf4 32. Qc3 Qe4 33. Qd2
h5 34. Bc2 Qe7 35. Qe3 Qb4 36. Qc3 Qe7 37. Qe3 Qb4 38. Bb3 1/2-1/2

[Event "1. jun. liga - 2017."]
[Site "Sv. Filip i Jakov, TN "]
[Date "2017.04.22"]
[Round "6.4"]
[White "Rickovic, Tomislav"]
[Black "Mainenti, Kevin"]
[Result "1/2-1/2"]
[WhiteElo "1636"]
[BlackElo "1816"]
[PlyCount "110"]
[EventDate "2017.04.18"]

1. d4 d5 2. c4 c6 3. cxd5 cxd5 4. Nc3 Nf6 5. Nf3 Nc6 6. a3 a6 7. Bf4 e6 8. e3
Bd6 9. Bxd6 Qxd6 10. Bd3 O-O 11. O-O b5 12. b4 Bb7 13. Qe2 e5 14. dxe5 Nxe5 15.
Nxe5 Qxe5 16. Nxb5 axb5 17. Bxb5 Ne4 18. Bd3 Qc3 19. f3 Nf6 20. Rfc1 Qe5 21. b5
Rfe8 22. Re1 Qd6 23. a4 Qb6 24. Qd2 Ra5 25. Kf2 Rea8 26. Qb4 Nd7 27. Rec1 Ne5
28. Be2 Re8 29. Rc3 Nc6 30. Qf4 d4 31. Rxc6 Bxc6 32. bxc6 dxe3+ 33. Kg1 Qxc6
34. Qb4 Qc5 35. Qxc5 Rxc5 36. Bb5 Rec8 37. Kf1 Rc1+ 38. Rxc1 Rxc1+ 39. Ke2 Rc3
40. a5 Ra3 41. a6 f5 42. f4 Kf7 43. Bd3 Ke6 44. Kxe3 Kd5 45. h3 h6 46. g4 fxg4
47. hxg4 Ra4 48. Bb5 Re4+ 49. Kf3 Re7 50. f5 Kc5 51. Bf1 Kb6 52. Kf4 Re1 53.
Bd3 Rg1 54. Be2 Re1 55. Bd3 Rd1 1/2-1/2

[Event "1. jun. liga - 2017."]
[Site "Sv. Filip i Jakov, TN "]
[Date "2017.04.22"]
[Round "6.2"]
[White "Muha, Miljenko"]
[Black "Tomulic, Teo"]
[Result "1/2-1/2"]
[WhiteElo "2268"]
[BlackElo "2271"]
[PlyCount "160"]
[EventDate "2017.04.18"]

1. d4 Nf6 2. c4 e6 3. g3 d5 4. Nf3 Be7 5. Bg2 O-O 6. O-O dxc4 7. Ne5 Nbd7 8.
Nxc4 c5 9. Nc3 cxd4 10. Qxd4 Bc5 11. Qf4 e5 12. Qh4 Be7 13. Bg5 h6 14. Bxf6
Nxf6 15. Rfd1 Qc7 16. Ne3 Be6 17. Qa4 Bc5 18. Ncd5 Nxd5 19. Nxd5 Bxd5 20. Rxd5
Rad8 21. Rad1 Bd4 22. Qb3 Rxd5 23. Bxd5 b6 24. e3 Bc5 25. Qd3 a5 26. Bb3 Qe7
27. h4 e4 28. Qd5 Kh8 29. Qf5 g6 30. Qg4 Qe5 31. Rd7 Kg7 32. h5 Qxh5 33. Qxe4
Qg5 34. Kg2 Qf6 35. Qd5 h5 36. Bc4 h4 37. gxh4 Qxh4 38. Rxf7+ Rxf7 39. Qxf7+
Kh6 40. Qe6 Qe7 41. Qh3+ Kg7 42. Qg4 Qe5 43. Bd3 Qf6 44. Be4 Kh6 45. Kh3 Qg5
46. Qh4+ Qxh4+ 47. Kxh4 Kg7 48. Kg4 Kf6 49. Bc2 g5 50. Kf3 Ke5 51. Ke2 Be7 52.
Kd3 Kd5 53. Bb3+ Ke5 54. Bd1 Kd5 55. Bf3+ Ke5 56. Kc4 Bf8 57. Kb5 Bc5 58. Be2
Kf5 59. a3 Ke5 60. Bf1 Kf5 61. Be2 Ke5 62. Bd3 Kf6 63. b4 axb4 64. a4 Ke5 65.
a5 Kd6 66. axb6 b3 67. b7 Ba7 68. Ka6 Bb8 69. Kb6 b2 70. f3 Kd5 71. Kb5 Kd6 72.
Be4 Kc7 73. Kc4 Ba7 74. Kb3 b1=Q+ 75. Bxb1 Kxb7 76. e4 Kc6 77. Kc4 Kd6 78. Bd3
Ke5 79. Be2 Bg1 80. Kd3 Bh2 1/2-1/2

[Event "1. jun. liga - 2017."]
[Site "Sv. Filip i Jakov, TN "]
[Date "2017.04.22"]
[Round "6.2"]
[White "Safar, Sandro"]
[Black "Starcevic, Ante Leon"]
[Result "1-0"]
[WhiteElo "2126"]
[BlackElo "2120"]
[PlyCount "213"]
[EventDate "2017.04.18"]

1. e4 c5 2. Nc3 Nc6 3. f4 g6 4. Nf3 Bg7 5. d3 d6 6. g3 e6 7. Bg2 Nge7 8. O-O
O-O 9. h3 Rb8 10. a4 a6 11. Ne2 b5 12. axb5 axb5 13. c3 b4 14. Be3 Qb6 15. Qd2
Ba6 16. g4 f5 17. Ng5 Bc8 18. Ng3 bxc3 19. bxc3 h6 20. Nf3 Qb2 21. Ne2 Qxd2 22.
Nxd2 Bd7 23. gxf5 gxf5 24. Nc4 d5 25. exd5 exd5 26. Ne5 Nxe5 27. fxe5 Bb5 28.
Bxc5 Rfe8 29. Bxe7 Rxe7 30. Bxd5+ Kh7 31. c4 Bxe5 32. Ra2 Be8 33. Nf4 Rg7+ 34.
Kh1 Bf7 35. Bxf7 Rxf7 36. Nd5 Rb3 37. Rd1 Bd4 38. Kg2 Rb8 39. Kf3 Rg7 40. Re1
Rb3 41. Nf4 Rd7 42. Rae2 Bf6 43. Rd1 Bg5 44. Nd5 Ra7 45. Re5 Raa3 46. Rxf5
Rxd3+ 47. Rxd3 Rxd3+ 48. Ke4 Rxh3 49. c5 Rh1 50. Ke5 Bh4 51. Rf3 Bd8 52. c6 Ra1
53. c7 Bxc7+ 54. Nxc7 Kg6 55. Rg3+ Kf7 56. Nd5 Re1+ 57. Kf5 Rf1+ 58. Nf4 h5 59.
Rh3 h4 60. Rxh4 Ke7 61. Rh6 Kd7 62. Rh2 Kc6 63. Re2 Rh1 64. Ke5 Rc1 65. Ne6 Rh1
66. Rc2+ Kb5 67. Nf4 Rh8 68. Kd4 Rh4 69. Ke5 Rh8 70. Nd3 Re8+ 71. Kd5 Rd8+ 72.
Ke4 Rh8 73. Ne5 Rh1 74. Rd2 Kc5 75. Rd5+ Kb4 76. Nf3 Kc4 77. Re5 Rd1 78. Re8
Rh1 79. Rc8+ Kb4 80. Kd5 Rh5+ 81. Kd4 Kb3 82. Nd2+ Kb2 83. Nf1 Rh7 84. Rb8+ Ka3
85. Ne3 Rh4+ 86. Kc5 Rh5+ 87. Nd5 Rg5 88. Kc4 Rg4+ 89. Kd3 Rg3+ 90. Ne3 Rh3 91.
Kd4 Rh4+ 92. Kc3 Ka4 93. Nf5 Rh7 94. Rb1 Rc7+ 95. Kd3 Rd7+ 96. Nd4 Ka5 97. Kc4
Rc7+ 98. Kd5 Rh7 99. Rb8 Rh5+ 100. Kc4 Ka6 101. Nf3 Rh1 102. Ne5 Rc1+ 103. Kd5
Ka5 104. Nc4+ Ka4 105. Kc5 Rb1 106. Ra8+ Kb3 107. Nd2+ 1-0

[Event "1. jun. liga - 2017."]
[Site "Sv. Filip i Jakov, TN "]
[Date "2017.04.22"]
[Round "6.2"]
[White "Blazeka, Mihaela"]
[Black "Batory, Lucija"]
[Result "1/2-1/2"]
[WhiteElo "2037"]
[BlackElo "1676"]
[PlyCount "93"]
[EventDate "2017.04.18"]

1. d4 d5 2. c4 e6 3. Nf3 c6 4. e3 Nf6 5. Nc3 Nbd7 6. Qc2 Bd6 7. Bd3 O-O 8. b3
b6 9. O-O Bb7 10. Bb2 Rc8 11. Rac1 Re8 12. Rfe1 h6 13. a3 e5 14. e4 dxe4 15.
Nxe4 Nxe4 16. Bxe4 exd4 17. Nxd4 Nf6 18. Nf5 Rxe4 19. Rxe4 Nxe4 20. Qxe4 Bf8
21. Re1 Rc7 22. Be5 Rd7 23. Qg4 f6 24. Bc3 Kh7 25. Nh4 Re7 26. Qg6+ Kg8 27. Nf5
Rxe1+ 28. Bxe1 Kh8 29. h3 c5 30. Kh2 Qc7+ 31. Kg1 Qe5 32. Bd2 Be4 33. Qf7 Qxf5
34. Qxf8+ Kh7 35. Qe8 Qg6 36. Qxg6+ Kxg6 37. Bf4 Bc2 38. Bb8 a6 39. Ba7 Bxb3
40. Bxb6 Bxc4 41. Bxc5 Kg5 42. g3 f5 43. Kg2 h5 44. Kf3 Kf6 45. Bd4+ Kf7 46.
Kf4 g6 47. Kg5 1/2-1/2

[Event "1. jun. liga - 2017."]
[Site "Sv. Filip i Jakov, TN "]
[Date "2017.04.22"]
[Round "6.2"]
[White "Troselj, Ivan"]
[Black "Markovic, Franjo-Josip"]
[Result "1/2-1/2"]
[WhiteElo "1690"]
[BlackElo "1979"]
[PlyCount "114"]
[EventDate "2017.04.18"]

1. e4 c5 2. Nf3 d6 3. c3 Nf6 4. h3 Nc6 5. d4 cxd4 6. cxd4 g6 7. Nc3 Bg7 8. Bc4
O-O 9. O-O Nxe4 10. Bxf7+ Rxf7 11. Nxe4 d5 12. Nc3 e6 13. Be3 a6 14. a3 Bd7 15.
Rc1 b5 16. b4 Qb6 17. Qd3 Raf8 18. Rc2 a5 19. Qxb5 Qxb5 20. Nxb5 Nxb4 21. axb4
Bxb5 22. Ra1 a4 23. Ng5 Re7 24. Rc5 Rb8 25. Bf4 e5 26. dxe5 Bxe5 27. Bxe5 Rxe5
28. Nf3 Re4 29. Rxd5 Rxb4 30. Nd4 Bc4 31. Ra5 Rb1+ 32. Rxb1 Rxb1+ 33. Kh2 Bb3
34. Nxb3 axb3 35. Rb5 Kf7 36. Rb7+ Ke6 37. Rxh7 Kd5 38. Rb7 Kc4 39. Kg3 Rd1 40.
f4 Rd5 41. Kg4 Rb5 42. Re7 Kd3 43. Re1 b2 44. h4 Kd2 45. Rb1 Ke3 46. g3 Kf2 47.
f5 gxf5+ 48. Kf4 Ke2 49. h5 Kf2 50. h6 Rb4+ 51. Kg5 Kxg3 52. h7 Rg4+ 53. Kxf5
Rh4 54. Kg6 Rg4+ 55. Kf7 Rh4 56. Kg8 Rg4+ 57. Kh8 Rb4 1/2-1/2

[Event "1. jun. liga - 2017."]
[Site "Sv. Filip i Jakov, TN "]
[Date "2017.04.22"]
[Round "6.3"]
[White "Plenca, Jadranko"]
[Black "Saric, Luka"]
[Result "1-0"]
[WhiteElo "2431"]
[BlackElo "2129"]
[PlyCount "79"]
[EventDate "2017.04.18"]

1. Nf3 d5 2. g3 Nf6 3. Bg2 g6 4. O-O Bg7 5. d4 O-O 6. c4 c6 7. Nbd2 Bg4 8. h3
Bxf3 9. Nxf3 e6 10. b3 Nbd7 11. Bb2 Qb6 12. Rc1 Rfd8 13. Qc2 Ne4 14. Rfd1 Rac8
15. e3 a6 16. Ne1 Ndf6 17. Nd3 Qc7 18. Ne5 Nd6 19. g4 Qb8 20. c5 Nde8 21. f4
Nd7 22. Nd3 f5 23. g5 Qc7 24. Qd2 Ra8 25. Bf3 Qc8 26. Kh1 Nc7 27. Rg1 Kf7 28.
h4 Rh8 29. h5 Bf8 30. Kg2 Bg7 31. Kf2 Ke7 32. Rg2 Qe8 33. Rh1 Qf7 34. Bc3 Nb5
35. h6 Bf8 36. Ba5 Rc8 37. a4 Nc7 38. Qb4 Na8 39. Qxb7 Qe8 40. Ne5 1-0

[Event "1. jun. liga - 2017."]
[Site "Sv. Filip i Jakov, TN "]
[Date "2017.04.22"]
[Round "6.3"]
[White "Cotic, Borna"]
[Black "Krsnik Cohar, Ivan Vihor"]
[Result "1-0"]
[WhiteElo "1985"]
[BlackElo "2324"]
[PlyCount "81"]
[EventDate "2017.04.18"]

1. e4 c6 2. d4 d5 3. Nc3 dxe4 4. Nxe4 Bf5 5. Ng3 Bg6 6. h4 h6 7. Nf3 Nd7 8. h5
Bh7 9. Bd3 Bxd3 10. Qxd3 Ngf6 11. Bd2 Qc7 12. O-O-O e6 13. c4 Bd6 14. Ne4 Bf4
15. g3 Bxd2+ 16. Rxd2 O-O-O 17. Nxf6 Nxf6 18. Qe3 Qa5 19. b3 Rhe8 20. Ne5 Re7
21. f3 Ne8 22. Rhd1 Nc7 23. Kb2 f6 24. Ng6 Red7 25. g4 b5 26. Qc3 b4 27. Qe3
Qb6 28. Qf4 Kb7 29. Qe4 e5 30. d5 cxd5 31. cxd5 Na6 32. d6+ Qc6 33. Qxc6+ Kxc6
34. Ne7+ Kb6 35. Nf5 Rc8 36. Rc2 Rxc2+ 37. Kxc2 Nb8 38. Kd3 Nc6 39. Ke4 Nd4 40.
Kd5 Nb5 41. Ke6 1-0

[Event "1. jun. liga - 2017."]
[Site "Sv. Filip i Jakov, TN "]
[Date "2017.04.22"]
[Round "6.3"]
[White "Bosnjak, Petar"]
[Black "Simunic, Krunoslav"]
[Result "0-1"]
[WhiteElo "2275"]
[BlackElo "1947"]
[PlyCount "92"]
[EventDate "2017.04.18"]

1. e4 e6 2. d4 d5 3. Nd2 c5 4. exd5 Qxd5 5. Ngf3 cxd4 6. Bc4 Qd7 7. O-O Nf6 8.
Nb3 Nc6 9. Nbxd4 Nxd4 10. Nxd4 Qc7 11. Qe2 a6 12. Bg5 Be7 13. Rfe1 O-O 14. Bb3
h6 15. Bh4 Bd7 16. Nf5 exf5 17. Qxe7 Rae8 18. Qb4 g5 19. Qd2 f4 20. Qd4 Kg7 21.
g3 gxh4 22. gxf4 Rxe1+ 23. Rxe1 Re8 24. Re5 Be6 25. c4 Rd8 26. Qc3 Qd7 27. Qf3
Bg4 28. Qc3 Qd4 29. Qxd4 Rxd4 30. c5 Bd1 31. Bxd1 Rxd1+ 32. Kg2 Rd2 33. b4 Kf8
34. a3 Ng4 35. Rh5 Rxf2+ 36. Kh3 Rxf4 37. c6 bxc6 38. Ra5 Nf2+ 39. Kg2 Nd3 40.
Rxa6 Ne5 41. Rb6 h3+ 42. Kxh3 Rf3+ 43. Kg2 Rxa3 44. Rb8+ Kg7 45. Re8 Nd3 46.
Re3 Ra2+ 0-1

[Event "1. jun. liga - 2017."]
[Site "Sv. Filip i Jakov, TN "]
[Date "2017.04.22"]
[Round "6.3"]
[White "Juric Cvitanovic, Katislav"]
[Black "Duda, Daniel"]
[Result "1-0"]
[WhiteElo "1812"]
[BlackElo "1857"]
[PlyCount "73"]
[EventDate "2017.04.18"]

1. e4 c5 2. Nf3 e6 3. d4 cxd4 4. Nxd4 a6 5. Nc3 Qc7 6. Bd3 Nf6 7. O-O d6 8. Bg5
Nbd7 9. Kh1 Be7 10. f4 b5 11. a3 Bb7 12. Qf3 O-O 13. Rae1 Nc5 14. Qh3 Nxd3 15.
cxd3 Qc5 16. Nxe6 fxe6 17. Qxe6+ Rf7 18. Bxf6 Bxf6 19. e5 Bh4 20. Ne4 Bxe4 21.
Rxe4 d5 22. b4 Qc3 23. Re3 Qxa3 24. Rh3 Qxb4 25. Rxh4 Qd4 26. h3 Qxd3 27. Rf3
Qe4 28. Rg4 d4 29. f5 Qe1+ 30. Kh2 Rd8 31. Rfg3 Qxg3+ 32. Rxg3 d3 33. f6 g6 34.
Qb6 Rdd7 35. e6 d2 36. exd7 Rxd7 37. Qe6+ 1-0

[Event "1. jun. liga - 2017."]
[Site "Sv. Filip i Jakov, TN "]
[Date "2017.04.22"]
[Round "6.4"]
[White "Pavic, Filip"]
[Black "Tica, Sven"]
[Result "1/2-1/2"]
[WhiteElo "2254"]
[BlackElo "2348"]
[PlyCount "41"]
[EventDate "2017.04.18"]

1. e4 c6 2. d4 d5 3. e5 Bf5 4. Nf3 e6 5. Be2 c5 6. c3 Nc6 7. O-O cxd4 8. Nxd4
Nxd4 9. cxd4 Ne7 10. Qb3 Qd7 11. Nc3 Nc6 12. Be3 Be7 13. Rac1 O-O 14. Na4 Rac8
15. Nc5 Bxc5 16. Rxc5 b6 17. Rcc1 Na5 18. Qb5 Qxb5 19. Bxb5 Nc4 20. b3 Na3 21.
Ba6 1/2-1/2

[Event "1. jun. liga - 2017."]
[Site "Sv. Filip i Jakov, TN "]
[Date "2017.04.22"]
[Round "6.4"]
[White "Makovec, Bruno"]
[Black "Pavcevic, Bruno"]
[Result "1/2-1/2"]
[WhiteElo "2186"]
[BlackElo "2073"]
[PlyCount "69"]
[EventDate "2017.04.18"]

1. Nf3 Nf6 2. g3 c5 3. c4 g6 4. Bg2 Bg7 5. O-O O-O 6. Nc3 Nc6 7. d4 cxd4 8.
Nxd4 Nxd4 9. Qxd4 d6 10. Qd3 Qa5 11. Bd2 Qh5 12. f3 Be6 13. Be3 Nd7 14. b3 Qe5
15. Rac1 Nc5 16. Qd2 Rab8 17. Rfd1 a6 18. f4 Qh5 19. b4 Nd7 20. Nd5 Bxd5 21.
Bxd5 Nf6 22. Bf3 Qh3 23. Bg2 Qf5 24. Qd3 Qg4 25. Bf2 h5 26. h3 Qe6 27. Kh2 Bh6
28. e3 Rfd8 29. Rd2 Kg7 30. a3 Kh7 31. Bf3 Rd7 32. Kg2 Rc7 33. Rdc2 Rbc8 34.
Kh2 Kh8 35. Kg2 1/2-1/2

[Event "1. jun. liga - 2017."]
[Site "Sv. Filip i Jakov, TN "]
[Date "2017.04.22"]
[Round "6.4"]
[White "Erenda, Bruno"]
[Black "Zadravec, Matija"]
[Result "0-1"]
[WhiteElo "2091"]
[BlackElo "2119"]
[PlyCount "97"]
[EventDate "2017.04.18"]

1. d4 d5 2. c4 c6 3. Nf3 Nf6 4. Nc3 a6 5. c5 g6 6. Bf4 Bg7 7. h3 Nbd7 8. e3 O-O
9. Be2 Re8 10. O-O Ne4 11. Qc2 e5 12. Nxe4 dxe4 13. Nxe5 Nxe5 14. Bxe5 Bxe5 15.
dxe5 Rxe5 16. Rad1 Qe7 17. b4 Be6 18. Qc3 Bxa2 19. Rd4 Rd5 20. Bd1 Rxd4 21.
exd4 Bd5 22. Re1 Qg5 23. Re3 f5 24. Bb3 Rd8 25. Re1 Kg7 26. Bxd5 Rxd5 27. Re3
Qf6 28. Qa3 Rxd4 29. Re1 Rd3 30. Qa5 Qd8 31. Qa1+ Kh6 32. Qc1+ Kg7 33. Kh2 Rd2
34. Rf1 Qd4 35. Qe1 f4 36. Kh1 e3 37. fxe3 fxe3 38. Qg3 e2 39. Re1 Rd1 40. Kh2
Rxe1 41. Qxe1 Qe3 42. Kh1 Kf6 43. Qa1+ Kf5 44. Qb1+ Ke5 45. Qe1 Ke4 46. Qh4+
Qf4 47. Qe7+ Kd3 48. Qd8+ Kc2 49. Qh4 0-1

[Event "1. jun. liga - 2017."]
[Site "Sv. Filip i Jakov, TN "]
[Date "2017.04.22"]
[Round "6.4"]
[White "Toplak, Juraj"]
[Black "Balen, Teo"]
[Result "1/2-1/2"]
[WhiteElo "2052"]
[BlackElo "1995"]
[PlyCount "53"]
[EventDate "2017.04.18"]

1. e4 c5 2. c3 d5 3. exd5 Qxd5 4. d4 Nf6 5. Nf3 Bg4 6. dxc5 Qxd1+ 7. Kxd1 e5 8.
b4 e4 9. h3 Bh5 10. g4 Nxg4 11. hxg4 Bxg4 12. Be2 exf3 13. Bd3 Nc6 14. Re1+ Be6
15. Kc2 O-O-O 16. Nd2 Be7 17. Nxf3 h6 18. Bf4 Bf6 19. Reb1 Rhe8 20. Bd6 g5 21.
b5 Ne7 22. b6 axb6 23. Rxb6 Nd5 24. Ra6 Nxc3 25. Ra3 Bd5 26. Bf5+ Be6 27. Bd3
1/2-1/2

[Event "1. jun. liga - 2017."]
[Site "Sv. Filip i Jakov, TN "]
[Date "2017.04.23"]
[Round "7.1"]
[White "Tica, Sven"]
[Black "Jambresic, Filip"]
[Result "1-0"]
[WhiteElo "2348"]
[BlackElo "1966"]
[PlyCount "150"]
[EventDate "2017.04.18"]

1. d4 Nf6 2. c4 c5 3. d5 e6 4. Nc3 exd5 5. cxd5 d6 6. Nf3 a6 7. a4 g6 8. g3 Bg7
9. Bg2 O-O 10. O-O Qe7 11. Bf4 Bg4 12. h3 Bxf3 13. Bxf3 Nbd7 14. e4 Ne5 15. Be2
Rfe8 16. Re1 Ned7 17. Qd2 Qf8 18. Qc2 h5 19. Bf1 Nh7 20. Qd2 Bd4 21. Kg2 Nhf6
22. Bd3 Ne5 23. Rab1 Rac8 24. Bf1 Rc7 25. h4 Ned7 26. f3 Be5 27. Be3 c4 28.
Rec1 Rec8 29. Nd1 b5 30. axb5 axb5 31. f4 c3 32. bxc3 Nxe4 33. Qd3 Nxc3 34.
fxe5 Nxe5 35. Qxc3 Rxc3 36. Rxc3 Rxc3 37. Nxc3 Qc8 38. Bd4 Qf5 39. Be2 f6 40.
Rxb5 Qc2 41. Rb7 Qd2 42. Bxe5 fxe5 43. Rc7 e4 44. Kf1 Qe3 45. Kg2 Qd2 46. Rc4
Qe3 47. Kf1 Qxg3 48. Nxe4 Qxh4 49. Bf3 Qh3+ 50. Ke2 Qh2+ 51. Ke3 h4 52. Rc6
Qg1+ 53. Kf4 h3 54. Rxd6 h2 55. Ng3 Qd4+ 56. Ne4 Kg7 57. Rd7+ Kh6 58. d6 g5+
59. Kg4 Qg1+ 60. Ng3 Qd4+ 61. Kh3 Qf4 62. Kg2 Qd2+ 63. Be2 Qf4 64. Kxh2 g4 65.
Kg2 Qe5 66. Re7 Qd5+ 67. Kh2 Qxd6 68. Re4 Qc5 69. Rxg4 Qf2+ 70. Kh3 Qf7 71. Bd3
Qd7 72. Bf5 Qf7 73. Rh4+ Kg7 74. Rh7+ Kf8 75. Rxf7+ Kxf7 1-0

[Event "1. jun. liga - 2017."]
[Site "Sv. Filip i Jakov, TN "]
[Date "2017.04.23"]
[Round "7.1"]
[White "Golub, Nikolina"]
[Black "Makovec, Bruno"]
[Result "0-1"]
[WhiteElo "1881"]
[BlackElo "2186"]
[PlyCount "98"]
[EventDate "2017.04.18"]

1. c4 c5 2. Nf3 Nc6 3. d4 cxd4 4. Nxd4 g6 5. Nc3 Bg7 6. Nxc6 bxc6 7. e4 d6 8.
Be2 Nf6 9. O-O O-O 10. Qc2 c5 11. Bf4 Nd7 12. Rfd1 Ne5 13. Bg3 Nc6 14. Qd2 Nd4
15. Bf1 Rb8 16. Rab1 Bg4 17. Re1 a6 18. Ne2 Nc6 19. f3 Bd7 20. Nf4 a5 21. Nd3
Be6 22. Nf4 Bd7 23. Nd3 Bd4+ 24. Bf2 e5 25. Bxd4 Nxd4 26. Nf2 Be6 27. Nd1 Qb6
28. Ne3 Qb4 29. Qf2 Kg7 30. Nd5 Qb7 31. Qd2 a4 32. f4 f6 33. Bd3 Qa7 34. Rf1
Bxd5 35. exd5 Rbe8 36. fxe5 Rxe5 37. Rfe1 Rfe8 38. Rxe5 Rxe5 39. Re1 Qe7 40.
Rxe5 Qxe5 41. h3 Qg3 42. Kf1 f5 43. Bc2 a3 44. b3 f4 45. Bd1 Qe3 46. Qa5 Nf5
47. Qc7+ Kh6 48. g4 fxg3 49. Bg4 Qf2# 0-1

[Event "1. jun. liga - 2017."]
[Site "Sv. Filip i Jakov, TN "]
[Date "2017.04.23"]
[Round "7.1"]
[White "Zadravec, Matija"]
[Black "Rickovic, Tomislav"]
[Result "1-0"]
[WhiteElo "2119"]
[BlackElo "1636"]
[PlyCount "59"]
[EventDate "2017.04.18"]

1. e4 e6 2. d4 d5 3. Nd2 dxe4 4. Nxe4 Nf6 5. Nxf6+ Qxf6 6. Nf3 h6 7. Bd3 Nc6 8.
O-O Bd7 9. c3 Bd6 10. Qe2 O-O-O 11. b4 g5 12. b5 Ne7 13. c4 Rhg8 14. Rb1 b6 15.
a4 Nf5 16. Qe4 Kb8 17. a5 Bc8 18. a6 g4 19. Ne5 Bxe5 20. dxe5 Qe7 21. Bb2 h5
22. Bc3 Qa3 23. Rfc1 h4 24. Be2 Nh6 25. Rc2 Qf8 26. Bb4 Qg7 27. c5 Nf5 28. cxb6
cxb6 29. Rbc1 g3 30. Rxc8+ 1-0